[Event "36. Open Villa de Benasque 2016 "]
[Site "Benasque ESP"]
[Date "2016.07.13"]
[Round "7.7"]
[White "Batsiashvili, Nino"]
[Black "Jakubowski, Krzysztof"]
[Result "1-0"]
[WhiteElo "2466"]
[BlackElo "2557"]
[PlyCount "151"]
[EventDate "2016.07.07"]
[EventType "swiss"]
[EventRounds "10"]
[EventCountry "ESP"]
[SourceTitle "Ajedrez en Madrid"]
[Source "lmi"]
[SourceDate "2016.07.07"]

1. d4 Nf6 2. c4 e6 3. Nc3 Bb4 4. Qc2 d6 5. Nf3 c5 6. e3 O-O 7. Bd3 cxd4 8. exd4
e5 9. O-O Bxc3 10. bxc3 exd4 11. cxd4 Bg4 12. Ng5 h6 13. h3 Bd7 14. Nf3 Nc6 15.
Rb1 b6 16. d5 Na5 17. Bf4 Rc8 18. Bxd6 Re8 19. Be5 Nxc4 20. Bxc4 b5 21. Rfd1
Rxc4 22. Qb2 a6 23. Rbc1 Re4 24. d6 Re6 25. Re1 Qe8 26. Rxe4 Nxe4 27. Qd4 f6
28. Qxe4 fxe5 29. Qd5 Kh7 30. Rc7 e4 31. Nd2 e3 32. fxe3 Rxe3 33. Nf3 Re6 34.
Kh2 Kh8 35. Qd4 Re2 36. Nh4 Qe6 37. Qd3 Re3 38. Ng6+ Kg8 39. Ne7+ Kh8 40. Ng6+
Kg8 41. Ne7+ Kf7 42. Qd5 Kf6 43. Qd4+ Kf7 44. Qd5 Kf6 45. Qd4+ Kf7 46. Nf5
Rxh3+ 47. gxh3 Qxf5 48. Rc3 Kg8 49. Rg3 Qf7 50. Rg2 a5 51. a3 g5 52. Re2 Qf5
53. Qe3 b4 54. axb4 axb4 55. Rf2 Qe6 56. Qxe6+ Bxe6 57. Rf6 Bd7 58. Rf3 Bc6 59.
Kg3 h5 60. Rb3 Kf7 61. Rxb4 Ke6 62. Rd4 Bd7 63. h4 gxh4+ 64. Kxh4 Ke5 65. Rd2
Ke6 66. Kxh5 Ke5 67. Kg5 Ke6 68. Kf4 Bc6 69. Rd4 Bd7 70. Ke4 Be8 71. Kd3 Kd7
72. Rd5 Bf7 73. Rd4 Be8 74. Kc3 Kc6 75. Kc4 Bd7 76. Kd3 1-0

[Event "36. Open Villa de Benasque 2016 "]
[Site "Benasque ESP"]
[Date "2016.07.13"]
[Round "7.8"]
[White "Stremavicius, Titas"]
[Black "Burmakin, Vladimir"]
[Result "0-1"]
[WhiteElo "2462"]
[BlackElo "2549"]
[PlyCount "134"]
[EventDate "2016.07.07"]
[EventType "swiss"]
[EventRounds "10"]
[EventCountry "ESP"]
[SourceTitle "Ajedrez en Madrid"]
[Source "lmi"]
[SourceDate "2016.07.07"]

1. d4 c6 2. Nf3 d5 3. Bf4 Bf5 4. e3 e6 5. c4 Bd6 6. Bxd6 Qxd6 7. Nc3 Nd7 8. Qb3
Rb8 9. Nh4 Bg6 10. cxd5 exd5 11. Nxg6 hxg6 12. h3 Ngf6 13. Bd3 O-O 14. O-O Rfe8
15. Rfc1 g5 16. Qd1 g6 17. Qf3 Kg7 18. Ne2 Ne4 19. Bxe4 Rxe4 20. Qg3 Qxg3 21.
Nxg3 Re6 22. Ne2 Nf6 23. b4 Ne4 24. Nc3 Nd2 25. b5 f5 26. Rd1 Nc4 27. Rab1 Ree8
28. Rb4 a6 29. bxc6 bxc6 30. Rdb1 Rxb4 31. Rxb4 Kf6 32. Rb7 f4 33. exf4 gxf4
34. Rc7 Re1+ 35. Kh2 Nd2 36. Rxc6+ Kf5 37. g4+ Kg5 38. f3 Nxf3+ 39. Kg2 Nh4+
40. Kf2 Rh1 41. Nxd5 Rxh3 42. Rc5 Rh2+ 43. Kg1 Nf3+ 44. Kf1 Kxg4 45. Nf6+ Kh4
46. d5 Rd2 47. Rc8 Rd4 48. Kf2 Ne5 49. Re8 Ng4+ 50. Nxg4 Kxg4 51. Rd8 a5 52. d6
g5 53. d7 a4 54. a3 Rd5 55. Ke2 f3+ 56. Ke3 Rd1 57. Kf2 Rd3 58. Ke1 Kg3 59. Rg8
Rxd7 60. Rxg5+ Kf4 61. Ra5 Rd3 62. Ra8 Rxa3 63. Kf2 Ra2+ 64. Kf1 a3 65. Rf8+
Ke4 66. Re8+ Kd5 67. Rd8+ Ke5 0-1

[Event "36. Open Villa de Benasque 2016 "]
[Site "Benasque ESP"]
[Date "2016.07.13"]
[Round "7.9"]
[White "Campora, Daniel H"]
[Black "Sulskis, Sarunas"]
[Result "1/2-1/2"]
[WhiteElo "2439"]
[BlackElo "2525"]
[PlyCount "95"]
[EventDate "2016.07.07"]
[EventType "swiss"]
[EventRounds "10"]
[EventCountry "ESP"]
[SourceTitle "Ajedrez en Madrid"]
[Source "lmi"]
[SourceDate "2016.07.07"]

1. d4 Nf6 2. c4 e6 3. Nc3 Bb4 4. Nf3 c5 5. e3 O-O 6. Bd2 d6 7. dxc5 dxc5 8. Qc2
Qe7 9. Bd3 e5 10. O-O Bxc3 11. Bxc3 Nc6 12. Ng5 h6 13. Nh7 Nxh7 14. Bxh7+ Kh8
15. Be4 Nb4 16. Qe2 f5 17. Bd5 Nxd5 18. cxd5 Bd7 19. e4 f4 20. f3 Rf6 21. Rf2
a5 22. a4 b6 23. b3 Kh7 24. Qb2 Re8 25. Rd1 Qd6 26. Rdd2 Rg6 27. Kf1 Rg5 28.
Ke1 Rh5 29. h3 Rg5 30. Kd1 Rg6 31. Ke1 Rf6 32. Qa1 g5 33. Rf1 h5 34. Rh1 Kg6
35. Kd1 Rf7 36. Kc1 h4 37. Kd1 Kf6 38. Qa3 Bc8 39. Ke2 Ba6+ 40. Kf2 Rc7 41.
Rhd1 Kg6 42. Kg1 Rcc8 43. Kh2 Kf6 44. Rc1 Kf7 45. Ra1 Kg6 46. Rc1 Kf6 47. Ra1
Kg6 48. Rc1 1/2-1/2

[Event "36. Open Villa de Benasque 2016 "]
[Site "Benasque ESP"]
[Date "2016.07.13"]
[Round "7.10"]
[White "Roeder, Matthias"]
[Black "Ardelean, George-Catalin"]
[Result "1/2-1/2"]
[WhiteElo "2385"]
[BlackElo "2493"]
[PlyCount "115"]
[EventDate "2016.07.07"]
[EventType "swiss"]
[EventRounds "10"]
[EventCountry "ESP"]
[SourceTitle "Ajedrez en Madrid"]
[Source "lmi"]
[SourceDate "2016.07.07"]

1. Nf3 d5 2. d4 Nf6 3. Bf4 c5 4. e3 Nc6 5. c3 Qb6 6. Qc2 g6 7. Nbd2 Bf5 8. dxc5
Qxc5 9. Qb3 Na5 10. Qb5+ Qxb5 11. Bxb5+ Bd7 12. Bxd7+ Nxd7 13. O-O-O Bg7 14.
Nb3 Nxb3+ 15. axb3 e6 16. Bd6 Rc8 17. Kc2 Nc5 18. Bxc5 Rxc5 19. b4 Rc7 20. b5
Bf8 21. Ne5 Bc5 22. Kb3 Ke7 23. Rhe1 Rd8 24. Nd3 Bb6 25. f3 Rdc8 26. Ra1 Rc4
27. Ra4 f5 28. h3 Kd6 29. Raa1 g5 30. Rad1 h5 31. Re2 R8c7 32. Rde1 Rf7 33. e4
fxe4 34. fxe4 Rxe4 35. Rxe4 dxe4 36. Rxe4 Rf5 37. Kc4 Rf8 38. b4 Rf5 39. Re2
Rd5 40. g4 h4 41. Re1 a6 42. bxa6 bxa6 43. Ra1 a5 44. bxa5 Rxa5 45. Rxa5 Bxa5
46. Kd4 e5+ 47. Ke4 Bxc3 48. Kf5 Bd4 49. Kxg5 e4 50. Ne1 Ke5 51. Ng2 Bf2 52.
Kh5 e3 53. g5 e2 54. g6 Kf6 55. Kh6 Bd4 56. Kh5 Kg7 57. Kxh4 e1=Q+ 58. Nxe1
1/2-1/2

[Event "36. Open Villa de Benasque 2016 "]
[Site "Benasque ESP"]
[Date "2016.07.14"]
[Round "8.1"]
[White "Baryshpolets, Andrey"]
[Black "Kuzubov, Yuriy"]
[Result "1-0"]
[WhiteElo "2551"]
[BlackElo "2635"]
[PlyCount "129"]
[EventDate "2016.07.07"]
[EventType "swiss"]
[EventRounds "10"]
[EventCountry "ESP"]
[SourceTitle "Ajedrez en Madrid"]
[Source "lmi"]
[SourceDate "2016.07.07"]

1. d4 Nf6 2. c4 e6 3. g3 d5 4. Bg2 Be7 5. Nf3 O-O 6. O-O dxc4 7. Qc2 a6 8. a4
Bd7 9. Rd1 Bc6 10. Nc3 Bb4 11. Bg5 Nbd7 12. d5 exd5 13. Nxd5 Bxd5 14. Rxd5 Qe8
15. Rdd1 a5 16. Qxc4 c6 17. Nd4 h6 18. Bf4 Nb6 19. Qc2 Nfd5 20. Bc1 Nf6 21. e4
Qe7 22. Be3 Qc5 23. Qe2 Rfe8 24. Rac1 Qe5 25. Qc2 Ng4 26. Bf4 Qf6 27. Bc7 Nc8
28. h3 Qe7 29. Bf4 Ne5 30. Nf5 Qe6 31. Be3 Ne7 32. Nd4 Qg6 33. g4 Nd7 34. Nxc6
Nxc6 35. Rxd7 Rac8 36. Rxb7 Ne5 37. Qxc8 Rxc8 38. Rxc8+ Kh7 39. Rb6 f6 40. Rbb8
Nf7 41. f4 f5 42. exf5 Qd6 43. Rb6 Qd3 44. Re6 Bd2 45. Bxd2 Qxd2 46. Rc7 Qd1+
47. Kh2 Qxa4 48. Rxf7 Qxf4+ 49. Kg1 Qc1+ 50. Kh2 Qf4+ 51. Kg1 Qc1+ 52. Bf1 Qc5+
53. Kh1 Qc1 54. Kg2 Qd2+ 55. Be2 h5 56. Rfe7 Kg8 57. f6 gxf6 58. Rxf6 hxg4 59.
hxg4 Qxb2 60. Rf2 Qb4 61. Rc7 a4 62. Bc4+ Kh8 63. Re2 Qb8 64. Ree7 Qb2+ 65. Be2
1-0

[Event "36. Open Villa de Benasque 2016 "]
[Site "Benasque ESP"]
[Date "2016.07.14"]
[Round "8.2"]
[White "Sasikiran, Krishnan"]
[Black "Movsziszian, Karen"]
[Result "1-0"]
[WhiteElo "2639"]
[BlackElo "2485"]
[PlyCount "74"]
[EventDate "2016.07.07"]
[EventType "swiss"]
[EventRounds "10"]
[EventCountry "ESP"]
[SourceTitle "Ajedrez en Madrid"]
[Source "lmi"]
[SourceDate "2016.07.07"]

1. d4 d6 2. e4 Nf6 3. f3 Nbd7 4. Be3 e5 5. d5 Be7 6. c4 c6 7. Nc3 a6 8. Qd2 O-O
9. Bd3 cxd5 10. cxd5 b5 11. Nge2 Nb6 12. O-O Bd7 13. b3 Qb8 14. a4 b4 15. Nd1
a5 16. Nb2 Rc8 17. Rfc1 Bd8 18. Rxc8 Nxc8 19. Ng3 Bb6 20. Nf1 Be8 21. Rc1 Kf8
22. Nc4 Bxe3+ 23. Nfxe3 Bd7 24. Qf2 Qa7 25. Bb1 Qd4 26. h3 Ra7 27. Rd1 Qc5 28.
f4 exf4 29. Qxf4 Ra6 30. Kh1 Ne7 31. e5 Nexd5 32. Nxd5 Nxd5 33. Qh4 Nc3 34. e6
g5 35. exd7 gxh4 36. d8=Q+ Kg7 37. Rf1 d5 1-0

[Event "36. Open Villa de Benasque 2016 "]
[Site "Benasque ESP"]
[Date "2016.07.14"]
[Round "8.3"]
[White "Iturrizaga Bonelli, Eduardo"]
[Black "Batsiashvili, Nino"]
[Result "1/2-1/2"]
[WhiteElo "2624"]
[BlackElo "2466"]
[PlyCount "199"]
[EventDate "2016.07.07"]
[EventType "swiss"]
[EventRounds "10"]
[EventCountry "ESP"]
[SourceTitle "Ajedrez en Madrid"]
[Source "lmi"]
[SourceDate "2016.07.07"]

1. c4 e6 2. Nc3 d5 3. d4 Be7 4. Nf3 Nf6 5. Bf4 O-O 6. e3 b6 7. Bd3 c5 8. dxc5
bxc5 9. O-O Nc6 10. cxd5 Nxd5 11. Nxd5 exd5 12. Rc1 Be6 13. a3 Qb6 14. Qc2 h6
15. e4 dxe4 16. Bxe4 Rac8 17. Bxc6 Rxc6 18. Nd4 cxd4 19. Qxc6 Qxb2 20. Bd6 Rc8
21. Qxc8+ Bxc8 22. Rxc8+ Kh7 23. Bxe7 Qb7 24. Rd8 Qxe7 25. Rxd4 Qxa3 26. Rdd1
h5 27. Ra1 Qe7 28. Ra5 h4 29. Rfa1 a6 30. h3 g5 31. Rxa6 Qe5 32. R6a5 Qb2 33.
Rd1 Kg6 34. Ra6+ f6 35. Re6 Qc2 36. Rf1 Qc4 37. Re3 Qd4 38. Rf3 Qe4 39. Rc1 Qd5
40. Re1 Qc6 41. Rfe3 Qc2 42. Re4 Qd2 43. Rf1 Qd3 44. Rg4 Kh5 45. f4 Qe3+ 46.
Kh1 Qd3 47. Rg1 Qc2 48. fxg5 fxg5 49. Ra1 Qc3 50. Rga4 Qe5 51. Ra6 Qf4 52. Re1
Qf2 53. Rae6 Qf5 54. Rd6 Qf2 55. Red1 Qe2 56. Rc1 Qe5 57. Rd3 Qf4 58. Re1 Qf2
59. Rdd1 Qg3 60. Rf1 Qe5 61. Rde1 Qd6 62. Rf7 Qg6 63. Rf8 Qg7 64. Ree8 Qa1+ 65.
Kh2 Qc3 66. Re6 Qc7+ 67. Kh1 Qc1+ 68. Kh2 Qc7+ 69. Kg1 Qc5+ 70. Rf2 Qd4 71.
Ref6 Qe3 72. Kh1 Qe1+ 73. Rf1 Qe2 74. Rf8 Qc4 75. Re1 Qc6 76. Re5 Qc1+ 77. Kh2
Qc7 78. Rff5 Qc1 79. Rf7 Qc4 80. Ree7 Qb3 81. Rf8 Qg3+ 82. Kh1 Qd6 83. Rh8+ Kg6
84. Rg8+ Kh6 85. Rge8 Qd1+ 86. Re1 Qd4 87. R1e6+ Kh5 88. R8e7 Qd1+ 89. Kh2 Qd3
90. Rf6 Qg3+ 91. Kh1 Qd3 92. Ree6 Qb1+ 93. Kh2 Qh7 94. Rc6 Qg7 95. Kg1 Qa7+ 96.
Rb6 Qa1+ 97. Kf2 Qd4+ 98. Ke2 Qe4+ 99. Kf1 Qd3+ 100. Kg1 1/2-1/2

[Event "36. Open Villa de Benasque 2016 "]
[Site "Benasque ESP"]
[Date "2016.07.14"]
[Round "8.4"]
[White "Burmakin, Vladimir"]
[Black "Alvarado Diaz, Alejandro"]
[Result "1-0"]
[WhiteElo "2549"]
[BlackElo "2421"]
[PlyCount "111"]
[EventDate "2016.07.07"]
[EventType "swiss"]
[EventRounds "10"]
[EventCountry "ESP"]
[SourceTitle "Ajedrez en Madrid"]
[Source "lmi"]
[SourceDate "2016.07.07"]

1. d4 c5 2. d5 Nf6 3. g3 b5 4. Bg2 Bb7 5. e4 d6 6. Qe2 Qb6 7. a4 bxa4 8. Qc4
Nfd7 9. Qxa4 Qa6 10. Nd2 Qxa4 11. Rxa4 Nb6 12. Ra1 e6 13. Nb3 exd5 14. Na5 Bc6
15. Nxc6 Nxc6 16. exd5 Nb4 17. Kd1 Be7 18. Nh3 O-O 19. Re1 Bf6 20. Be4 Rfe8 21.
Nf4 Be5 22. c3 Bxf4 23. Bxf4 N4xd5 24. Bxd5 Nxd5 25. Rxe8+ Rxe8 26. Bxd6 Rd8
27. Bxc5 Nxc3+ 28. Kc2 Ne4 29. Be3 Rc8+ 30. Kd3 Nc5+ 31. Bxc5 Rxc5 32. Rxa7 g5
33. b4 Rc1 34. Ra2 Rb1 35. Kc3 Kf8 36. Rb2 Rc1+ 37. Kd4 Ke7 38. b5 Kd7 39. Ke5
g4 40. Kf6 Rh1 41. b6 Kc8 42. Kg5 Rxh2 43. b7+ Kb8 44. Kxg4 Rh6 45. Kf5 Rc6 46.
Rb3 h6 47. g4 Ra6 48. f3 Rc6 49. Rb5 Ra6 50. Kf4 Ra4+ 51. Kg3 Ra6 52. Kh4 Ra1
53. Rb6 Rh1+ 54. Kg3 h5 55. Kg2 Rh4 56. Rh6 1-0

[Event "36. Open Villa de Benasque 2016 "]
[Site "Benasque ESP"]
[Date "2016.07.14"]
[Round "8.5"]
[White "Berescu, Alin-Mile"]
[Black "Sethuraman, S.P.."]
[Result "0-1"]
[WhiteElo "2454"]
[BlackElo "2656"]
[PlyCount "102"]
[EventDate "2016.07.07"]
[EventType "swiss"]
[EventRounds "10"]
[EventCountry "ESP"]
[SourceTitle "Ajedrez en Madrid"]
[Source "lmi"]
[SourceDate "2016.07.07"]

1. d4 Nf6 2. Nf3 b6 3. e3 Bb7 4. Nbd2 g6 5. Bd3 Bg7 6. O-O O-O 7. b3 c5 8. Bb2
Nc6 9. a3 cxd4 10. exd4 d6 11. Re1 Nh5 12. Nc4 e6 13. Bf1 Ne7 14. g3 Qc7 15.
Bg2 Rad8 16. a4 Rfe8 17. Ng5 Bxg2 18. Kxg2 h6 19. Nf3 e5 20. Nfd2 exd4 21. Nf3
Nf5 22. Qd3 Qc6 23. Kg1 Qd5 24. c3 Re6 25. cxd4 Rde8 26. Rxe6 Rxe6 27. Ncd2 Nf6
28. Re1 Rxe1+ 29. Nxe1 Nd7 30. Ndf3 g5 31. h3 Nb8 32. g4 Ne7 33. Qc4 Nbc6 34.
Qxd5 Nxd5 35. Ba3 Bf8 36. Nd3 f6 37. h4 Kf7 38. Kg2 Ke6 39. Bb2 Nc7 40. Nfe1
Na5 41. Nc1 gxh4 42. Ned3 Nd5 43. Kh3 f5 44. f3 Be7 45. b4 Nc4 46. Ne2 fxg4+
47. fxg4 Nxb2 48. Nxb2 Nxb4 49. Nf4+ Kd7 50. d5 Bg5 51. Nbd3 a5 0-1

[Event "36. Open Villa de Benasque 2016 "]
[Site "Benasque ESP"]
[Date "2016.07.14"]
[Round "8.6"]
[White "Cordova, Emilio"]
[Black "Campora, Daniel H"]
[Result "1-0"]
[WhiteElo "2620"]
[BlackElo "2439"]
[PlyCount "83"]
[EventDate "2016.07.07"]
[EventType "swiss"]
[EventRounds "10"]
[EventCountry "ESP"]
[SourceTitle "Ajedrez en Madrid"]
[Source "lmi"]
[SourceDate "2016.07.07"]

1. d4 Nf6 2. c4 e6 3. Nc3 d5 4. cxd5 exd5 5. Bg5 Be7 6. e3 O-O 7. Bd3 Nbd7 8.
Nge2 Re8 9. O-O c6 10. Qc2 Nf8 11. f3 g6 12. Bh4 Be6 13. Nf4 Rc8 14. Rad1 a6
15. Kh1 Qc7 16. Qd2 Rcd8 17. Bg3 Qb6 18. Na4 Qa7 19. b4 Bc8 20. Nc5 b6 21. Nb3
Ne6 22. Rc1 Nxf4 23. exf4 Nh5 24. Rxc6 Nxg3+ 25. hxg3 Bd7 26. Rcc1 Bd6 27. Na1
Ba4 28. Nc2 b5 29. a3 Qe7 30. Rce1 Qf6 31. Re5 Bxc2 32. Bxc2 Bxe5 33. fxe5 Qc6
34. f4 Rc8 35. Bd3 Qc3 36. Qe3 Rc4 37. f5 Qxd4 38. Qh6 Qg4 39. Bxc4 bxc4 40.
Kg1 Qd4+ 41. Kh2 Qxe5 42. Re1 1-0

[Event "36. Open Villa de Benasque 2016 "]
[Site "Benasque ESP"]
[Date "2016.07.14"]
[Round "8.7"]
[White "Vocaturo, Daniele"]
[Black "Stella, Andrea"]
[Result "1-0"]
[WhiteElo "2582"]
[BlackElo "2409"]
[PlyCount "129"]
[EventDate "2016.07.07"]
[EventType "swiss"]
[EventRounds "10"]
[EventCountry "ESP"]
[SourceTitle "Ajedrez en Madrid"]
[Source "lmi"]
[SourceDate "2016.07.07"]

1. d4 e6 2. c4 Bb4+ 3. Nd2 c5 4. dxc5 Nf6 5. Ngf3 O-O 6. e3 Bxc5 7. Be2 b6 8.
O-O Bb7 9. b3 d5 10. Bb2 Nbd7 11. Rc1 Qe7 12. Rc2 a5 13. cxd5 Nxd5 14. Qa1 f5
15. Bb5 f4 16. e4 Nb4 17. Rcc1 Nf6 18. Qb1 Rad8 19. a3 Na6 20. e5 Nd5 21. Ne4
h6 22. Nd6 Bxd6 23. exd6 Rxd6 24. Rfe1 Nc5 25. Be5 Rdd8 26. Bf1 a4 27. b4 Nb3
28. Rcd1 Bc6 29. Bb2 Qe8 30. Bd3 Nf6 31. Ne5 Bb5 32. Bxb5 Qxb5 33. Ng6 Nd2 34.
Ne7+ Kh8 35. Ng6+ Kg8 36. Qa2 Nf3+ 37. gxf3 Qg5+ 38. Kh1 Qxg6 39. Qxe6+ Qf7 40.
Rxd8 Rxd8 41. Qxb6 Qd5 42. Kg2 Rd6 43. Qc5 Qd3 44. Qe5 Rd5 45. Qe6+ Kh7 46.
Bxf6 Rd6 47. Qe4+ Qxe4 48. Rxe4 Rxf6 49. Re5 Rg6+ 50. Kf1 Rc6 51. Ra5 Rc3 52.
Rxa4 Rxf3 53. b5 Rb3 54. Rb4 Rxa3 55. b6 f3 56. Ke1 Ra8 57. b7 Rb8 58. Kd2 Kg6
59. Ke3 Kf5 60. Kxf3 Ke5 61. Kg4 Kf6 62. Rb6+ Kf7 63. Kf5 h5 64. Kg5 g6 65. h4
1-0

[Event "36. Open Villa de Benasque 2016 "]
[Site "Benasque ESP"]
[Date "2016.07.14"]
[Round "8.8"]
[White "Barbot, Pierre"]
[Black "Forcen Esteban, Daniel"]
[Result "0-1"]
[WhiteElo "2433"]
[BlackElo "2565"]
[PlyCount "64"]
[EventDate "2016.07.07"]
[EventType "swiss"]
[EventRounds "10"]
[EventCountry "ESP"]
[SourceTitle "Ajedrez en Madrid"]
[Source "lmi"]
[SourceDate "2016.07.07"]

1. Nf3 Nf6 2. c4 g6 3. Nc3 Bg7 4. e4 d6 5. d4 O-O 6. h3 e5 7. d5 a5 8. Bg5 Na6
9. g4 Qe8 10. Nd2 Nd7 11. h4 Ndc5 12. h5 f5 13. hxg6 Qxg6 14. Be7 Rf7 15. gxf5
Bxf5 16. exf5 Qxf5 17. Bh4 Nb4 18. Qb1 e4 19. Ncxe4 Re8 20. Bh3 Qh5 21. Bg3
Bxb2 22. Bg2 Nbd3+ 23. Kf1 Qg6 24. Nxc5 dxc5 25. Nf3 Bxa1 26. Qxa1 Re4 27. Qc3
Rg4 28. Rh3 h5 29. Kg1 Nf4 30. Kh2 Qe4 31. Nh4 Nxg2 32. Nxg2 Rxf2 0-1

[Event "36. Open Villa de Benasque 2016 "]
[Site "Benasque ESP"]
[Date "2016.07.14"]
[Round "8.9"]
[White "Sulskis, Sarunas"]
[Black "Roeder, Matthias"]
[Result "1/2-1/2"]
[WhiteElo "2525"]
[BlackElo "2385"]
[PlyCount "93"]
[EventDate "2016.07.07"]
[EventType "swiss"]
[EventRounds "10"]
[EventCountry "ESP"]
[SourceTitle "Ajedrez en Madrid"]
[Source "lmi"]
[SourceDate "2016.07.07"]

1. e4 c5 2. Nf3 d6 3. d4 cxd4 4. Nxd4 Nf6 5. Nc3 a6 6. h3 e5 7. Nde2 h5 8. Bg5
Be6 9. Bxf6 Qxf6 10. Nd5 Qd8 11. Nec3 g6 12. Bc4 Bh6 13. O-O Nc6 14. a3 O-O 15.
Ba2 Rc8 16. Qd3 Nd4 17. Rad1 Bg7 18. Kh1 Kh8 19. Ne2 Nxc2 20. Bb3 Bxd5 21. Bxd5
Qb6 22. Rd2 Nd4 23. Nxd4 exd4 24. f4 h4 25. Qf3 Bf6 26. Qg4 Rc5 27. f5 g5 28.
Rxd4 Qxb2 29. Rb4 Qc3 30. Rb3 Qc2 31. Rxb7 Rc7 32. Rb6 Qd3 33. Rd1 Qg3 34. Qxg3
hxg3 35. Rxd6 Be5 36. Rxa6 Rb8 37. Rc6 Rxc6 38. Bxc6 Rb3 39. a4 Kg7 40. Bb5 Bd4
41. Bf1 Rb4 42. a5 Kf6 43. a6 Ke5 44. Bd3 f6 45. Rb1 Rxb1+ 46. Bxb1 Ba7 47. Bd3
1/2-1/2

[Event "36. Open Villa de Benasque 2016 "]
[Site "Benasque ESP"]
[Date "2016.07.14"]
[Round "8.10"]
[White "Ardelean, George-Catalin"]
[Black "Fierro Baquero, Martha L"]
[Result "1/2-1/2"]
[WhiteElo "2493"]
[BlackElo "2346"]
[PlyCount "55"]
[EventDate "2016.07.07"]
[EventType "swiss"]
[EventRounds "10"]
[EventCountry "ESP"]
[SourceTitle "Ajedrez en Madrid"]
[Source "lmi"]
[SourceDate "2016.07.07"]

1. d4 Nf6 2. Nf3 g6 3. Nbd2 d5 4. b4 Bg7 5. e3 O-O 6. c4 Nbd7 7. Be2 c6 8. Bb2
Ne4 9. Qb3 Ndf6 10. h3 Be6 11. O-O a5 12. Ba3 Re8 13. Rfc1 dxc4 14. Bxc4 Bd5
15. Nxe4 Nxe4 16. b5 a4 17. Qc2 e6 18. bxc6 bxc6 19. Rab1 Nd6 20. Bxd6 Qxd6 21.
e4 Bxc4 22. Qxc4 Red8 23. Rb6 Bxd4 24. Rxc6 Qd7 25. Rc7 Qd6 26. Rc6 Qd7 27. Rc7
Qd6 28. Rc6 1/2-1/2

[Event "36. Open Villa de Benasque 2016 "]
[Site "Benasque ESP"]
[Date "2016.07.15"]
[Round "9.1"]
[White "Burmakin, Vladimir"]
[Black "Baryshpolets, Andrey"]
[Result "1/2-1/2"]
[WhiteElo "2549"]
[BlackElo "2551"]
[PlyCount "76"]
[EventDate "2016.07.07"]
[EventType "swiss"]
[EventRounds "10"]
[EventCountry "ESP"]
[SourceTitle "Ajedrez en Madrid"]
[Source "lmi"]
[SourceDate "2016.07.07"]

1. Nf3 Nf6 2. g3 d5 3. Bg2 c6 4. O-O Bg4 5. c4 e6 6. cxd5 exd5 7. Qb3 Qb6 8.
Qc2 Nbd7 9. d3 Qc5 10. Qd1 Be7 11. Nc3 O-O 12. Be3 Qa5 13. Qb3 Nc5 14. Qc2 Ne6
15. Nd4 Qb4 16. Nxe6 fxe6 17. d4 Bf5 18. Qd2 Bd6 19. Rad1 Kh8 20. h3 e5 21. g4
Bg6 22. dxe5 Bxe5 23. f4 Bc7 24. a3 Qe7 25. f5 d4 26. Bxd4 Rad8 27. Qe3 Qd6 28.
Be5 Qxe5 29. Qxe5 Bxe5 30. fxg6 hxg6 31. g5 Nh5 32. Rxf8+ Rxf8 33. Bf3 Nf4 34.
Bg4 Nd5 35. Nxd5 cxd5 36. Rxd5 Bxb2 37. a4 Bc1 38. Rd7 Rb8 1/2-1/2

[Event "36. Open Villa de Benasque 2016 "]
[Site "Benasque ESP"]
[Date "2016.07.15"]
[Round "9.2"]
[White "Sethuraman, S.P.."]
[Black "Sasikiran, Krishnan"]
[Result "0-1"]
[WhiteElo "2656"]
[BlackElo "2639"]
[PlyCount "78"]
[EventDate "2016.07.07"]
[EventType "swiss"]
[EventRounds "10"]
[EventCountry "ESP"]
[SourceTitle "Ajedrez en Madrid"]
[Source "lmi"]
[SourceDate "2016.07.07"]

1. d4 d5 2. c4 c6 3. Nf3 Nf6 4. Nc3 dxc4 5. a4 Bf5 6. Nh4 Bg4 7. h3 Bh5 8. g4
Bg6 9. Bg2 Na6 10. g5 Nd5 11. e4 Ndb4 12. O-O Nd3 13. Be3 e5 14. dxe5 Bc5 15.
Qe2 Qb6 16. Nd1 O-O-O 17. a5 Qb4 18. Bd2 Bh5 19. Qxh5 Qxd2 20. Nf3 Qf4 21. Nc3
g6 22. Qh6 Bf8 23. Qh4 Qxh4 24. Nxh4 Nxe5 25. Nf3 Nd3 26. e5 Nac5 27. Nd2 Nxe5
28. Rad1 Bg7 29. f4 Ned3 30. Nxc4 Nxb2 31. Nxb2 Bxc3 32. Nc4 Rxd1 33. Rxd1 Rd8
34. Rc1 Bd4+ 35. Kh2 Nd3 36. Rb1 Nxf4 37. a6 b5 38. Na5 Bb6 39. Nxc6 Rd2 0-1

[Event "36. Open Villa de Benasque 2016 "]
[Site "Benasque ESP"]
[Date "2016.07.15"]
[Round "9.3"]
[White "Kuzubov, Yuriy"]
[Black "Vocaturo, Daniele"]
[Result "1-0"]
[WhiteElo "2635"]
[BlackElo "2582"]
[PlyCount "89"]
[EventDate "2016.07.07"]
[EventType "swiss"]
[EventRounds "10"]
[EventCountry "ESP"]
[SourceTitle "Ajedrez en Madrid"]
[Source "lmi"]
[SourceDate "2016.07.07"]

1. d4 Nf6 2. c4 g6 3. Nc3 d5 4. cxd5 Nxd5 5. Bd2 Nb6 6. e4 Qxd4 7. Qc2 Qd8 8.
Rd1 Nc6 9. Bb5 Bd7 10. Bf4 Bg7 11. Bxc6 bxc6 12. Nf3 O-O 13. Be5 f6 14. Bd4 e5
15. Bc5 Rf7 16. O-O Qe8 17. Ne1 f5 18. f3 f4 19. Ne2 h5 20. Nc1 g5 21. Bf2 Bf6
22. Ncd3 Rg7 23. Nc5 Bc8 24. Kh1 g4 25. fxg4 Bxg4 26. Rd3 Kh8 27. h3 Qg6 28.
Bg1 Rh7 29. Nf3 Rg8 30. Rd2 Qe8 31. Nd3 Nc8 32. Nfxe5 f3 33. Nxf3 Qxe4 34. Nde5
Qxc2 35. Rxc2 Ne7 36. Bh2 Bf5 37. Re2 Bc8 38. Nd4 Nd5 39. Nexc6 Ba6 40. Rxf6
Nxf6 41. Be5 Rf7 42. Rf2 Kg7 43. Ne6+ Kg6 44. Bxf6 Rxf6 45. Ne5+ 1-0

[Event "36. Open Villa de Benasque 2016 "]
[Site "Benasque ESP"]
[Date "2016.07.15"]
[Round "9.4"]
[White "Forcen Esteban, Daniel"]
[Black "Iturrizaga Bonelli, Eduardo"]
[Result "0-1"]
[WhiteElo "2565"]
[BlackElo "2624"]
[PlyCount "70"]
[EventDate "2016.07.07"]
[EventType "swiss"]
[EventRounds "10"]
[EventCountry "ESP"]
[SourceTitle "Ajedrez en Madrid"]
[Source "lmi"]
[SourceDate "2016.07.07"]

1. e4 c6 2. d4 d5 3. exd5 cxd5 4. c4 Nf6 5. Nc3 e6 6. Nf3 Bb4 7. cxd5 Nxd5 8.
Bd2 Nc6 9. Bd3 O-O 10. O-O Be7 11. a3 Bf6 12. Be3 Nxc3 13. bxc3 b6 14. Qe2 Bb7
15. Rad1 Qe7 16. a4 Rac8 17. Rfe1 Rfd8 18. Bf4 Na5 19. Rc1 Bxf3 20. Qxf3 Bg5
21. Re5 Bxf4 22. Qxf4 g6 23. Ba6 Rc7 24. Re3 Rd5 25. Be2 Kg7 26. Re1 Rf5 27.
Qg3 Nc4 28. Rd3 Ra5 29. Qf4 Rf5 30. Qg3 Qd6 31. Qh3 Nb2 32. Re3 Nxa4 33. Bg4
Rf6 34. Ra1 Nxc3 35. Qh4 Qxd4 0-1

[Event "36. Open Villa de Benasque 2016 "]
[Site "Benasque ESP"]
[Date "2016.07.15"]
[Round "9.5"]
[White "Batsiashvili, Nino"]
[Black "Cordova, Emilio"]
[Result "1/2-1/2"]
[WhiteElo "2466"]
[BlackElo "2620"]
[PlyCount "60"]
[EventDate "2016.07.07"]
[EventType "swiss"]
[EventRounds "10"]
[EventCountry "ESP"]
[SourceTitle "Ajedrez en Madrid"]
[Source "lmi"]
[SourceDate "2016.07.07"]

1. d4 Nf6 2. c4 c5 3. d5 b5 4. cxb5 a6 5. bxa6 g6 6. Nc3 Bg7 7. Nf3 O-O 8. a7
Rxa7 9. e4 e6 10. Be2 exd5 11. exd5 d6 12. O-O Na6 13. h3 Nc7 14. Bf4 Re8 15.
Bc4 Ne4 16. Nxe4 Rxe4 17. Bg5 f6 18. Bd3 Rb4 19. Bc1 Bb7 20. a3 Rb6 21. Bc4 Qa8
22. Qd3 Bxd5 23. Rd1 Bxc4 24. Qxc4+ Kh8 25. b4 Rxb4 26. axb4 Rxa1 27. Rxd6 Bh6
28. Rd1 Bxc1 29. Rxc1 Qd5 30. Qc3 Rxc1+ 1/2-1/2

[Event "36. Open Villa de Benasque 2016 "]
[Site "Benasque ESP"]
[Date "2016.07.15"]
[Round "9.6"]
[White "Danailov, Silvio"]
[Black "Granda Zuñiga, Julio E"]
[Result "1-0"]
[WhiteElo "2448"]
[BlackElo "2699"]
[PlyCount "39"]
[EventDate "2016.07.07"]
[EventType "swiss"]
[EventRounds "10"]
[EventCountry "ESP"]
[SourceTitle "Ajedrez en Madrid"]
[Source "lmi"]
[SourceDate "2016.07.07"]

1. Nf3 d5 2. d4 c6 3. c4 e6 4. Qc2 Nd7 5. g3 Ngf6 6. Bg2 b6 7. O-O Bb7 8. b3
Rc8 9. Rd1 c5 10. Nc3 dxc4 11. d5 cxb3 12. axb3 Bxd5 13. e4 Ba8 14. Rxa7 Rc7
15. Ra2 Qc8 16. Bf4 Bc6 17. Bxc7 Qxc7 18. e5 Ng4 19. Nb5 Bxb5 20. Nd4 1-0